| 000 | 00612nmm a22001937a 4500 | ||
|---|---|---|---|
| 005 | 20160622140710.0 | ||
| 008 | 150618b xxu||||| |||| 00| 0 spa d | ||
| 041 | _aspa | ||
| 082 | _aDE 104 | ||
| 100 |
_aReyes González, Michael _911660 |
||
| 245 | _aAnálisis de la afluencia vehicular a las estaciones de servicio y sus posibles causas, Super Servicio, Estación San Sebastián | ||
| 260 | _c2016 | ||
| 650 |
_aCOSTA RICA _911661 |
||
| 650 |
_aDIRECCIÓN DE EMPRESAS _917 |
||
| 650 |
_aSUPER SERVICIOS _911662 |
||
| 650 |
_aBENCHMARKING _9696 |
||
| 650 |
_aEVALUACIÓN DE LAS VENTAS _911663 |
||
| 942 | _cIP | ||
| 999 |
_c8307 _d8307 |
||